[Event "Titled Tuesday intern op 02nd Apr Early"]
[Site "Chess.com INT"]
[Date "2024.04.02"]
[Round "3"]
[White "Osiecki, Stanislaw"]
[Black "Bornholdt, Joa Max"]
[Result "1-0"]
[WhiteElo "1959"]
[BlackElo "2268"]
[PlyCount "85"]
[EventDate "2024.04.02"]
[EventType "swiss (blitz)"]
[EventRounds "11"]
[EventCountry "USA"]
[SourceTitle "CB15_2024"]
[SourceDate "2024.04.10"]
[SourceVersion "1"]
[SourceVersionDate "2024.04.10"]
[SourceQuality "1"]

1. e4 Nc6 2. d4 d5 3. e5 f6 4. Nf3 Bg4 5. Bf4 Qd7 6. Be2 0-0-0 7. 0-0 fxe5 8. Nxe5 Nxe5 9. Bxe5 Bxe2 10. Qxe2 e6 11. c3 Nf6 12. Nd2 Bd6 13. Nf3 Rdf8 14. b4 Rhg8 15. Rae1 g5 16. Bxf6 Rxf6 17. Ne5 Qg7 18. Ng4 Rg6 19. a4 h5 20. Ne5 Rh6 21. b5 g4 22. a5 h4 23. b6 a6 24. bxc7 Rh5 25. c4 dxc4 26. Nxc4 Bxc7 27. Qxe6+ Kb8 28. d5 g3 29. fxg3 hxg3 30. h3 Qd4+ 31. Ne3 Rd8 32. Qg4 Qh8 33. Rb1 Re5 34. Qb4 b5 35. axb6 Bd6 36. Qc3 Rc8 37. Qd3 Rxe3 38. Qxa6 Ra3 39. Qb5 Ra2 40. Kh1 Bc5 41. Qd7 Rf2 42. Rfc1 Qd8 43. Qa7# 1-0

[Event "Titled Tuesday intern op 26th Sep Early"]
[Site "Chess.com INT"]
[Date "2023.09.26"]
[Round "9"]
[White "Osiecki, Stanislaw"]
[Black "Bogaudinov, Rushan"]
[Result "1-0"]
[WhiteElo "1996"]
[BlackElo "1853"]
[PlyCount "51"]
[EventDate "2023.09.26"]
[EventType "swiss (blitz)"]
[EventRounds "11"]
[EventCountry "USA"]
[SourceTitle "EXT 2024"]
[Source "ChessBase"]
[SourceDate "2023.10.10"]
[SourceVersion "1"]
[SourceVersionDate "2023.10.10"]
[SourceQuality "1"]

1. e4 a6 2. d4 b5 3. a4 Bb7 4. Bd3 b4 5. Nf3 e6 6. 0-0 d5 7. e5 c5 8. c3 c4 9. Be2 b3 10. h4 Nc6 11. h5 h6 12. Nh2 Be7 13. f4 Bh4 14. f5 Nge7 15. fxe6 fxe6 16. Bg4 Kd7 17. Bxe6+ Kc7 18. Qg4 Bg5 19. Bxg5 hxg5 20. Qxg5 Rf8 21. Nd2 Rxf1+ 22. Rxf1 Qh8 23. Rf7 Kb6 24. Rxe7 Nxe7 25. Qxe7 Rd8 26. Qc5# 1-0

[Event "Titled Tuesday intern op 26th Sep Early"]
[Site "Chess.com INT"]
[Date "2023.09.26"]
[Round "7"]
[White "Osiecki, Stanislaw"]
[Black "Zaksaite, Salomeja"]
[Result "0-1"]
[WhiteElo "1996"]
[BlackElo "2217"]
[PlyCount "58"]
[EventDate "2023.09.26"]
[EventType "swiss (blitz)"]
[EventRounds "11"]
[EventCountry "USA"]
[SourceTitle "EXT 2024"]
[Source "ChessBase"]
[SourceDate "2023.10.10"]
[SourceVersion "1"]
[SourceVersionDate "2023.10.10"]
[SourceQuality "1"]

1. e4 c5 2. c3 Nf6 3. e5 Nd5 4. d4 cxd4 5. Nf3 e6 6. cxd4 d6 7. a3 Be7 8. Bd3 Nc6 9. 0-0 g5 10. h3 dxe5 11. dxe5 h5 12. Qe2 g4 13. hxg4 hxg4 14. Ne1 g3 15. Be3 Bc5 16. Nf3 Nxe3 17. fxe3 Qb6 18. Re1 Bd7 19. b4 Be7 20. Nc3 0-0-0 21. Na4 Qc7 22. b5 Rh5 23. Kf1 Rh1+ 24. Ng1 Qxe5 25. bxc6 Bxc6 26. Rac1 Qf6+ 27. Qf3 Qh6 28. Rxc6+ Kd7 29. e4 Rh8 0-1

[Event "Titled Tuesday intern op 12th Sep Early"]
[Site "Chess.com INT"]
[Date "2023.09.12"]
[Round "5"]
[White "Osiecki, Stanislaw"]
[Black "Souleidis, Georgios"]
[Result "0-1"]
[WhiteElo "1996"]
[BlackElo "2419"]
[PlyCount "60"]
[EventDate "2023.09.12"]
[EventType "swiss (blitz)"]
[EventRounds "11"]
[EventCountry "USA"]
[SourceTitle "EXT 2024"]
[Source "ChessBase"]
[SourceDate "2023.10.10"]
[SourceVersion "1"]
[SourceVersionDate "2023.10.10"]
[SourceQuality "1"]

1. e4 c5 2. c3 d5 3. e5 d4 4. Bc4 Nc6 5. Nf3 e6 6. a4 Nge7 7. 0-0 Ng6 8. Re1 Be7 9. d3 0-0 10. Qe2 b6 11. Qe4 Bb7 12. Qg4 Na5 13. Ba2 dxc3 14. Nxc3 Qxd3 15. Ne4 h5 16. Qxh5 Bxe4 17. Bb1 Bxf3 18. Qh3 Qd7 19. Qxf3 Rad8 20. Be4 Nxe5 21. Qg3 Bd6 22. Bf4 f5 23. Bc2 Ng4 24. Rad1 Nb7 25. h3 Nf6 26. Qh4 Qe7 27. Bg5 Bc7 28. Bb3 Rxd1 29. Rxd1 Qf7 30. Re1 Nd8 0-1

[Event "Titled Tuesday intern op 15th Aug Early"]
[Site "Chess.com INT"]
[Date "2023.08.15"]
[Round "8"]
[White "Osiecki, Stanislaw"]
[Black "Zampronha, Wladimir Camilo"]
[Result "0-1"]
[WhiteElo "1996"]
[BlackElo "2170"]
[PlyCount "92"]
[EventDate "2023.08.15"]
[EventType "swiss (blitz)"]
[EventRounds "11"]
[EventCountry "USA"]
[SourceTitle "EXT 2024"]
[Source "ChessBase"]
[SourceDate "2023.10.10"]
[SourceVersion "1"]
[SourceVersionDate "2023.10.10"]
[SourceQuality "1"]

1. e4 c5 2. c3 Nf6 3. e5 Nd5 4. d4 cxd4 5. Nf3 e6 6. cxd4 b6 7. a3 Bb7 8. Bd3 d6 9. 0-0 Nd7 10. Qe2 Be7 11. Bd2 0-0 12. Nc3 Nxc3 13. Bxc3 dxe5 14. dxe5 Nc5 15. Bc2 Ba6 16. Qe3 Bxf1 17. Rxf1 Qd5 18. Rd1 Qc4 19. b4 Nb7 20. Rd4 Qa2 21. Qe4 g6 22. Rd7 Rac8 23. Rd3 Rfd8 24. h4 Rxd3 25. Qxd3 Qxa3 26. Qd7 Qxc3 27. Qxe7 Qxc2 28. Qxb7 Qc7 29. Qe4 Qc4 30. Qe3 Qxb4 31. Qh6 Qf8 32. Qf4 b5 33. Ng5 Rc4 34. Ne4 Rxe4 35. Qxe4 Qb8 36. h5 b4 37. h6 b3 38. Kf1 b2 39. Qb1 a5 40. Ke1 a4 41. Kd1 Qb3+ 42. Kd2 a3 43. Qe4 b1Q 44. Qa8+ Qb8 45. Qxa3 Q1b2+ 46. Qxb2 Qxb2+ 0-1

[Event "Titled Tuesday intern op 08th Aug Early"]
[Site "Chess.com INT"]
[Date "2023.08.08"]
[Round "2"]
[White "Osiecki, Stanislaw"]
[Black "Swicarz, Maciej"]
[Result "0-1"]
[WhiteElo "1996"]
[BlackElo "2261"]
[PlyCount "146"]
[EventDate "2023.08.08"]
[EventType "swiss (blitz)"]
[EventRounds "11"]
[EventCountry "USA"]
[SourceTitle "EXT 2024"]
[Source "ChessBase"]
[SourceDate "2023.10.10"]
[SourceVersion "1"]
[SourceVersionDate "2023.10.10"]
[SourceQuality "1"]

1. e4 c5 2. c3 Nf6 3. e5 Nd5 4. d4 cxd4 5. Nf3 d6 6. cxd4 Nc6 7. Bc4 Nb6 8. Bb5 dxe5 9. Nxe5 Bd7 10. Nxd7 Qxd7 11. 0-0 e6 12. Nc3 Rd8 13. Be3 Be7 14. Qg4 0-0 15. Rad1 Rfe8 16. h4 Nd5 17. Nxd5 Qxd5 18. Bxc6 Qxc6 19. h5 Bf8 20. h6 g6 21. Bg5 Rd5 22. Rc1 Qd7 23. Be3 Rh5 24. Qg3 Bd6 25. f4 Rxh6 26. Qf3 Rh5 27. Rfd1 Rd5 28. Rc2 Rc8 29. Rdc1 Rxc2 30. Rxc2 Bf8 31. Qe4 Bg7 32. Rd2 h5 33. b3 Qb5 34. Rc2 Qd7 35. Rd2 Bf6 36. Kh1 Kg7 37. Rd3 a6 38. Rd2 Ra5 39. a4 Rd5 40. Rd3 Qc6 41. Kh2 Qc2 42. Bg1 Qc6 43. Be3 Qd6 44. Kh1 Kg8 45. Kg1 Bg7 46. Kf2 Bh6 47. Kf3 Rf5 48. g3 Qd5 49. Qxd5 Rxd5 50. Rc3 Rd7 51. Rc8+ Kh7 52. Ke4 Bg7 53. Rc4 Bf6 54. Rc8 Kg7 55. Rc4 Be7 56. Rc8 Ba3 57. Rc2 Bb4 58. Rc4 Be1 59. Kf3 f6 60. Rc1 Bb4 61. Rc4 Bd6 62. Rc1 Rc7 63. Rxc7+ Bxc7 64. Ke4 Kf7 65. d5 f5+ 66. Kd3 exd5 67. Bc5 Ke6 68. Kd4 h4 69. gxh4 Bxf4 70. Bf8 Bg3 71. Kc3 Bxh4 72. Kb4 Bd8 73. Kc5 g5 0-1

[Event "Titled Tuesday intern op 08th Aug Early"]
[Site "Chess.com INT"]
[Date "2023.08.08"]
[Round "4"]
[White "Osiecki, Stanislaw"]
[Black "Tqebuchava, Zurab"]
[Result "0-1"]
[WhiteElo "1996"]
[BlackElo "2303"]
[PlyCount "110"]
[EventDate "2023.08.08"]
[EventType "swiss (blitz)"]
[EventRounds "11"]
[EventCountry "USA"]
[SourceTitle "EXT 2024"]
[Source "ChessBase"]
[SourceDate "2023.10.10"]
[SourceVersion "1"]
[SourceVersionDate "2023.10.10"]
[SourceQuality "1"]

1. e4 d6 2. d4 Nf6 3. Nc3 Nbd7 4. Bc4 Nb6 5. Bb3 e6 6. f4 Be7 7. Nf3 0-0 8. 0-0 c5 9. dxc5 dxc5 10. Qe2 Qc7 11. Nb5 Qc6 12. e5 Nfd5 13. Bxd5 exd5 14. Nc3 Be6 15. Ng5 Bxg5 16. fxg5 d4 17. Ne4 Bc4 18. Qg4 Bxf1 19. Kxf1 Qe6 20. Qg3 Qf5+ 21. Nf2 Qxc2 22. Bf4 Nd5 23. Kg1 Rfe8 24. Rf1 Ne3 25. Bxe3 dxe3 26. Qxe3 Qxb2 27. Ng4 Qd4 28. Qxd4 cxd4 29. Rd1 Rad8 30. Kf2 Rd5 31. Kf3 Red8 32. Rd3 Ra5 33. a3 Rc5 34. Ke4 b5 35. Rxd4 Rxd4+ 36. Kxd4 Rc2 37. Ne3 Ra2 38. Kc5 Rxa3 39. Nd5 Rb3 40. Ne7+ Kf8 41. Nc6 a6 42. Kb6 Rb2 43. Kxa6 Rxg2 44. Kxb5 Rxh2 45. Kc5 Rg2 46. Nd4 Rxg5 47. Kd6 Rg4 48. Nf3 Rg3 49. Nh4 Rg4 50. Nf5 h5 51. e6 Rg6 52. Nd4 Rxe6+ 53. Nxe6+ fxe6 54. Kxe6 h4 55. Kf5 g5 0-1

[Event "Titled Tuesday intern op 08th Aug Early"]
[Site "Chess.com INT"]
[Date "2023.08.08"]
[Round "3"]
[White "Rodriguez Santiago, Jaime"]
[Black "Osiecki, Stanislaw"]
[Result "1-0"]
[WhiteElo "2020"]
[BlackElo "1996"]
[PlyCount "133"]
[EventDate "2023.08.08"]
[EventType "swiss (blitz)"]
[EventRounds "11"]
[EventCountry "USA"]
[SourceTitle "EXT 2024"]
[Source "ChessBase"]
[SourceDate "2023.10.10"]
[SourceVersion "1"]
[SourceVersionDate "2023.10.10"]
[SourceQuality "1"]

1. c4 Nf6 2. Nc3 d6 3. g3 e5 4. Bg2 g6 5. e4 Bg7 6. Nge2 0-0 7. d3 c6 8. 0-0 a5 9. h3 Nbd7 10. f4 exf4 11. gxf4 Nc5 12. Be3 b6 13. d4 Ne6 14. Qd2 Bd7 15. f5 Nc7 16. Bh6 Nh5 17. Bxg7 Kxg7 18. Rf2 Qh4 19. Raf1 f6 20. fxg6 hxg6 21. e5 fxe5 22. dxe5 Rxf2 23. Rxf2 Qxc4 24. Qxd6 Qe6 25. Qxc7 Rc8 26. Qxb6 Qxe5 27. Qd4 Qxd4 28. Nxd4 c5 29. Ndb5 Bxb5 30. Nxb5 Ng3 31. a4 Nf5 32. Rd2 Ne3 33. Rd7+ Kh6 34. Ra7 Nc4 35. b3 Nd2 36. Bd5 Rd8 37. Nc3 Rb8 38. Rxa5 Nxb3 39. Bxb3 Rxb3 40. Rxc5 Ra3 41. a5 g5 42. Kg2 Kh5 43. Ne4 Ra2+ 44. Kg3 Ra3+ 45. Kg2 Ra2+ 46. Kf1 Kh4 47. Nxg5 Kg3 48. Ke1 Kf4 49. Kd1 Ke3 50. Kc1 Kd4 51. Rf5 Rh2 52. Kb1 Kc3 53. Rb5 Kc4 54. Rf5 Kb3 55. Rf3+ Kb4 56. a6 Rg2 57. a7 Rxg5 58. a8Q Rb5 59. Kc2 Rc5+ 60. Kd2 Kc4 61. Qa4+ Kd5 62. Rd3+ Ke6 63. Qe8+ Kf5 64. Rf3+ Kg5 65. Qg8+ Kh6 66. Rf6+ Kh5 67. Qg4# 1-0

[Event "Titled Tuesday intern op 08th Aug Late"]
[Site "Chess.com INT"]
[Date "2023.08.08"]
[Round "7"]
[White "Yarullina, Alina"]
[Black "Osiecki, Stanislaw"]
[Result "0-1"]
[WhiteElo "2084"]
[BlackElo "1996"]
[PlyCount "100"]
[EventDate "2023.08.08"]
[EventType "swiss (blitz)"]
[EventRounds "11"]
[EventCountry "USA"]
[SourceTitle "EXT 2024"]
[Source "ChessBase"]
[SourceDate "2023.10.10"]
[SourceVersion "1"]
[SourceVersionDate "2023.10.10"]
[SourceQuality "1"]

1. e4 e6 2. d4 d5 3. exd5 exd5 4. Bd3 Bd6 5. Qf3 Nf6 6. h3 0-0 7. Ne2 Re8 8. 0-0 Nbd7 9. Bg5 h6 10. Bh4 Be7 11. Nd2 Nf8 12. Rfe1 Ng6 13. Bxg6 fxg6 14. Nf1 Bf5 15. c3 g5 16. Bg3 Be4 17. Qe3 Bd6 18. Bxd6 Qxd6 19. Qg3 Qxg3 20. Nexg3 Bg6 21. Ne3 c6 22. Ngf5 Rad8 23. g4 Ne4 24. Kg2 Nd6 25. h4 Nxf5 26. gxf5 Bh7 27. hxg5 hxg5 28. Rh1 Rf8 29. Rh5 Bxf5 30. Rxg5 Be4+ 31. Kg1 Rf6 32. Ng4 Rg6 33. Rxg6 Bxg6 34. Ne5 Bf5 35. Kh2 g6 36. Rg1 Kg7 37. Kg3 Kf6 38. Kf4 Rh8 39. Ke3 Rh3+ 40. Rg3 Rh1 41. b4 Ra1 42. Rf3 Rxa2 43. Ng4+ Kg5 44. Ne5 Rc2 45. Nf7+ Kf6 46. Ne5 Rxc3+ 47. Ke2 Rxf3 48. Kxf3 g5 49. Kg3 Bc8 50. f4 Kf5 0-1

[Event "Titled Tuesday intern op 01st Aug Early"]
[Site "Chess.com INT"]
[Date "2023.08.01"]
[Round "11"]
[White "Kuchava, Ana"]
[Black "Osiecki, Stanislaw"]
[Result "1-0"]
[WhiteElo "2101"]
[BlackElo "1996"]
[PlyCount "87"]
[EventDate "2023.08.01"]
[EventType "swiss (blitz)"]
[EventRounds "11"]
[EventCountry "USA"]
[SourceTitle "EXT 2024"]
[Source "ChessBase"]
[SourceDate "2023.10.10"]
[SourceVersion "1"]
[SourceVersionDate "2023.10.10"]
[SourceQuality "1"]

1. d4 Nf6 2. Nf3 g6 3. c4 d6 4. Nc3 Bg7 5. e4 0-0 6. Be2 e5 7. 0-0 Nbd7 8. Re1 exd4 9. Nxd4 Nc5 10. Bf1 a5 11. f3 Re8 12. Be3 Bd7 13. Qd2 c6 14. Rad1 Qe7 15. Nc2 Bf8 16. Bf4 Rad8 17. Bxd6 Qe6 18. Bc7 Rc8 19. Bxa5 Ra8 20. Bc7 Rec8 21. Bd6 Bxd6 22. Qxd6 Qxd6 23. Rxd6 Be6 24. Red1 Ne8 25. R6d2 Na4 26. Nxa4 Rxa4 27. Nd4 Rxa2 28. Nxe6 fxe6 29. c5 Nf6 30. Bc4 Raa8 31. Bxe6+ Kg7 32. Bxc8 Rxc8 33. Rd8 Rc7 34. Rb8 Nd7 35. Rd8 Ne5 36. f4 Nc4 37. R1d7+ Kf6 38. Rxc7 Nxb2 39. Rxb7 Nc4 40. Rf8+ Ke6 41. Rxh7 Nd2 42. e5 Kd5 43. Rg7 Kxc5 44. Rxg6 1-0